000 00558nam a2200229Ia 4500
003 OSt
005 20220918203831.0
006 a|||||r|||| 00| 0
007 ta
008 220917b |||||||| |||| 00| 0 eng d
024 _a109,966
037 _cTextual
040 _aARTS
_cARTS
_beng
041 _2eng
_aeng
082 _aV41:1:N7, K81
100 _aKaya Okinori
_9109857
245 0 _aCommunist China problem
260 _c1968
650 _aHISTORY
942 _hV41:1:N7, K81
_cTEXL
_2CC
999 _c233316
_d233316